000 01988nam0a2200397 4500
001 RU\NLR\bibl\268158
005 20241118210920.0
020 _aRU
_b01-07404
_9Летопись авторефератов диссертаций
021 _aRU
_b00-12864а
_900-515А
035 _a(NLR Aleph) 000263721
090 _a1540947
_c1540947
100 _a20011123d2000 u u0rusy50 ca
101 0 _arus
102 _aRU
105 _ay dm |||||
135 _acrgn 008aaaba
200 1 _aОбеспечение и защита правового статуса личности в Российской Федерации
_eТеоретико-правовой аспект
_eАвтореф. дис. на соиск. учен. степ. к.ю.н.
_eСпец. 12.00.01
_fФедюшин Владимир Геннадиевич
_gСев.-Зап. акад. гос. службы
210 _aСПб.
_d2000
215 _a19 с.
_d21
320 _aБиблиогр.: с. 19 (2 назв.) и в под строч. примеч.
325 _aКопия доступна в Электрон. б-ке РНБ
610 0 _aЮридические науки
610 0 _aРоссийская Федерация, юрид.науки
675 _a342.72/.73(470)
_v3
_zrus
686 _a10.15
_2rugasnti
686 _a67.400
_2rubbk
686 _a12.00.01
_2oksvnk
700 1 _aФедюшин
_bВ. Г.
_gВладимир Геннадиевич
801 0 _aRU
_bRKP
_c20011123
_gPSBO
801 1 _aRU
_bRKP
_c20011123
801 2 _aRU
_bNLR
_c20020919
_grcr
852 _aNLR
_jА2000/12864
901 _eАвторефераты
942 _cBOOK
981 1 0 _a(10) Авторефераты
_b(10) 12.00.00 Юридические науки
_b12.00.01 Теория и история права и государства; история учений о праве и государстве